000
00267nam a22001097a 4500
082
_a
297.122591439
_b
QUR
245
_a
قرآن مجید
260
_a
lahore,
_b
Taj company,
_c
2000.
300
_a
1012p.
526
_a
0
_b
0
_c
0
_d
297_122591439000000_QUR
942
_2
ddc
_c
BK
999
_c
553792
_d
553792